| 000 | 00647nam a22002057a 4500 | ||
|---|---|---|---|
| 999 |
_c15151 _d15151 |
||
| 003 | OSt | ||
| 082 | _2631.7 PRA/SO | ||
| 088 | _aP 239 | ||
| 100 |
_aPRAVEENA K. K _93454 |
||
| 245 | _aSoil erosion studies on micro plots | ||
| 260 |
_aTavanur 2012 _bDepartment of Land and Water Resources & Conservation Engineering |
||
| 300 | _a64 | ||
| 500 | _aSoil erosion studies on micro plots | ||
| 520 | _aSoil erosion studies on micro plots | ||
| 700 |
_aRehna M _93455 |
||
| 700 |
_aShijila Erikottil _93456 |
||
| 700 |
_aDr. E. K Kurien (Guide) _93457 |
||
| 856 | _uhttps://drive.google.com/open?id=1wFxcoIjttdrPkMmm9didPhbTkqfNW3be | ||
| 942 | _cPR | ||